| 000 | 00459nam a2200169Ia 4500 | ||
|---|---|---|---|
| 008 | 230524s9999 xx 000 0 und d | ||
| 020 | _a978826524556 | ||
| 082 | _bTHO | ||
| 100 |
_aErik G.Thompson _942632 |
||
| 245 | 0 | _aIntroduction to the Finite Element Method: Theory Programming and Application | |
| 250 | _a1 | ||
| 260 |
_aNew Delhi _bWiley India _c2013 |
||
| 300 | _a"XIII,341p;" | ||
| 500 | _aQuantity Number: 1 | ||
| 650 | _aCivil | ||
| 942 | _cBK | ||
| 999 |
_c57645 _d57645 |
||